Tri thức thế giới : Ánh sáng và hoạt động của ánh sáng
שמור ב:
| מחבר ראשי: | |
|---|---|
| פורמט: | ספר |
| שפה: | Undetermined |
| יצא לאור: |
Hà Nội
Văn hóa Thông tin
2003
|
| נושאים: | |
| תגים: |
הוספת תג
אין תגיות, היה/י הראשונ/ה לתייג את הרשומה!
|
| Thư viện lưu trữ: | Trung tâm Học liệu Trường Đại học Cần Thơ |
|---|
| LEADER | 00545nam a2200193Ia 4500 | ||
|---|---|---|---|
| 001 | CTU_91408 | ||
| 008 | 210402s9999 xx 000 0 und d | ||
| 082 | |a 001 | ||
| 082 | |b H600 | ||
| 100 | |a Lưu, Văn Hy | ||
| 245 | 0 | |a Tri thức thế giới : | |
| 245 | 0 | |b Ánh sáng và hoạt động của ánh sáng | |
| 245 | 0 | |c Lưu Văn Hy | |
| 260 | |a Hà Nội | ||
| 260 | |b Văn hóa Thông tin | ||
| 260 | |c 2003 | ||
| 650 | |a Knowledge | ||
| 904 | |i Trúc | ||
| 980 | |a Trung tâm Học liệu Trường Đại học Cần Thơ | ||